新疆人口最多的20个县级行政区 20 most populous county-level regions in Xinjiang - Statistics

General Stats
  • This quiz has been taken 44 times
  • The average score is 16 of 20
Answer Stats
人口 地市 县区 % Correct
61 昌吉回族自治州 昌吉市
100%
50 和田地区 和田市
100%
78 喀什地区 喀什市
97%
78 巴音郭楞蒙古自治州 库尔勒市
97%
78 伊犁哈萨克自治州 伊宁市
97%
72 阿克苏地区 阿克苏市
97%
65 乌鲁木齐市 天山区
94%
50 兵团直辖 石河子市
94%
101 乌鲁木齐市 新市区
83%
80 乌鲁木齐市 沙依巴克区
81%
53 阿克苏地区 库车市
78%
55 乌鲁木齐市 水磨沟区
75%
57 哈密市 伊州区
69%
42 乌鲁木齐市 头屯河区
69%
86 喀什地区 莎车县
67%
51 乌鲁木齐市 米东区
64%
57 和田地区 墨玉县
58%
53 喀什地区 叶城县
58%
37 喀什地区 巴楚县
47%
42 喀什地区 伽师县
39%
No matching quizzes found
Score Distribution
Percent of People with Each Score
Percentile by Number Answered
Your Score History
You have not taken this quiz